Statistics for European Geography & History Quiz

Click here to take the quiz!

General Stats

  • This quiz has been taken 138 times
  • The average score is 35 of 52

Answer Stats

QuestionAnswer% Correct
Reykjavik is the capital of which island country?Iceland
93%
Who claims ownership of Northern Cyprus?Turkey
92%
Lithuania, Latvia and Estonia are commonly referred to as the _______ statesBaltic
91%
Wht is the capital of Denmark?Copenhagen
89%
What was the former name of St Petersburg?Leningrad
86%
What is the capital city of Malta?Valletta
86%
What mountain range separates European Russia from Asian Russia?Ural Mountains
85%
In what city was Archduke Franz Ferdinand assassinated?Sarajevo
84%
Which volcano destroyed the Roman city of Pompeii in 79 AD?Vesuvius
84%
What former Slavic state were Slovenia and Montenegro part of?Yugoslavia
84%
What was Germany´s currency before the Euro was introduced?Deutschemark
83%
Saint Marinus gives the name to what country?San Marino
83%
Palermo is the capital of which island?Sicily
83%
In what mountain range does Andorra lie in?Pyrenees
82%
What year was Paris liberated from the Germans?1944
81%
In which country is the above?Bosnia & Herzegovina
81%
What river does Vienna sit on?Danube
81%
What sea does Sevastopol lie on?Black Sea
80%
In which country can you find the city of Split?Croatia
78%
What is the biggest lake in Scotland?Loch Ness
78%
On what Greek island does legend say the Minotaur lived?Crete
77%
What was the most spoken language in Czechoslovakia?Czech
77%
From which modern day country was Alexander the Great from?Northern Macedonia
77%
In which country is "Frozen" based?Norway
76%
In which Nazi Concentration Camp did more than 1 million people die?Auschwitz
75%
What is the name of the famous Spanish party island located in the Balearic chain?Ibiza
75%
Name one of the biggest French ports on the MediterraneanMarseille/Nice
75%
On what sea does Athens lie on?Aegean
72%
Which treaty did the USSR promote in response to NATO?Warsaw Pact
71%
In which region in Finland does legend say that Santa Claus lives?Lapland
70%
If you take the bridge from Denmark to Sweden, you arrive at this cityMalmo
70%
In which city was Wolfgang Amadeus Mozart born?Salzburg
70%
What is the name of the famous casino in Monaco?Monte Carlo
69%
In what region does Serbia lie in?The Balkans
69%
Which Russian city hosted the 2014 Winter Olympics?Sochi
68%
Where is the International Court of Justice located?The Hague
65%
What is the former name of Gdansk?Danzig
63%
What is the tallest mountain in the UK?Ben Nevis
62%
What river gives the name of the bloodiest battle in WW1?Somme
62%
Who was the leader of Free France?Charles De Gaulle
61%
From which city did the Titanic start her maiden voyage?Southampton
58%
Which city in Spain, starting with a C, was the capital of Al-Andalus?Cordoba
56%
What forest in Belgium was the site of the Battle of the Bulge?Ardennes Forest
41%
Which Belgian province is the namesake of a country?Luxembourg
41%
What city, beginning with P, was abandoned following the Chernobyl disaster?Pripyat
36%
What is the biggest city in southern Portugal?Faro
33%
Which two countries, beginning with S and H, share the Pannonian Plain?Serbia and Hungary
32%
Switzerland, Germany and Austria share which lake?Constance
31%
what is the biggest Romanian city that borders a sea?Constanta
31%
What is the name of the laws that Nazi Germany passed in 1935 that prosecuted the Jews?Nuremberg Laws
27%
What is the species of Bison that is mostly found in in Belarus?European Bison
18%
In which mountainous region in Bavaria was Hitler´s private property located?Obersalzberg
4%

Score Distribution

Percentile by Number Answered

Percent of People with Each Score

Your Score History

You have not taken this quiz